[Event "SR 3. liga A2 2013/2014"]
[Site "?"]
[Date "2014.03.02"]
[Round "10.6"]
[White "Nicolini, Alexander"]
[Black "Horak, Ivan"]
[Result "1-0"]
[WhiteElo "2151"]
[BlackElo "2070"]
[PlyCount "81"]
[EventDate "2013.??.??"]

1. e4 c5 2. b4 cxb4 3. d4 d5 4. e5 Bf5 5. a3 e6 6. axb4 Bxb4+ 7. c3 Bxb1 8.
cxb4 Bg6 9. h4 h5 10. Ne2 Ne7 11. Nf4 Qb6 12. b5 Nf5 13. Ra4 Nd7 14. Be2 Rc8
15. Bd2 Nxd4 16. Ba5 Nc2+ 17. Kf1 Qc5 18. Rh3 d4 19. Rc4 Qxc4 20. Bxc4 Rxc4 21.
Nxg6 fxg6 22. Qe2 Rc5 23. Qe4 Nxe5 24. Qxb7 O-O 25. Kg1 Rf7 26. Qb8+ Kh7 27.
Bd2 d3 28. f4 Nc4 29. Rxd3 Nxd2 30. Rxd2 Ne3 31. Rd8 g5 32. hxg5 Rc1+ 33. Kf2
Ng4+ 34. Ke2 Rc2+ 35. Kd3 Rxg2 36. Rh8+ Kg6 37. Qe8 Rg3+ 38. Kd2 Rg2+ 39. Kc3
Re2 40. Rf8 Re3+ 41. Kd2 1-0

[Event "SR 3. liga A2 2013/2014"]
[Site "?"]
[Date "2014.03.02"]
[Round "10.6"]
[White "Sefcik, Marek"]
[Black "Doucha, Ludvik"]
[Result "1/2-1/2"]
[WhiteElo "2030"]
[BlackElo "2039"]
[PlyCount "81"]
[EventDate "2013.??.??"]

1. Nf3 Nf6 2. d4 g6 3. e3 Bg7 4. Bd3 O-O 5. O-O d6 6. b3 c5 7. Bb2 Nc6 8. a3
Bg4 9. h3 Bd7 10. Re1 Qc7 11. c4 e5 12. Nc3 Rae8 13. dxe5 dxe5 14. Qc2 Kh8 15.
Rad1 Ng8 16. Be4 Rd8 17. Rd2 f5 18. Bd5 Nge7 19. Ng5 Nxd5 20. cxd5 Na5 21. Na4
h6 22. d6 Qc8 23. Nf3 Bxa4 24. bxa4 Rfe8 25. Rd5 Nc6 26. Qxc5 Qe6 27. Red1 Rd7
28. a5 a6 29. R5d2 Nd8 30. Qd5 Nf7 31. Qxe6 Rxe6 32. Rd5 Kh7 33. Bc3 e4 34.
Bxg7 exf3 35. Bf8 fxg2 36. Kxg2 Ne5 37. Rb1 Nc6 38. Rc5 Re8 39. Be7 Nxe7 40.
dxe7 Rexe7 41. Rb3 1/2-1/2

[Event "SR 3. liga A2 2013/2014"]
[Site "?"]
[Date "2014.03.02"]
[Round "10.6"]
[White "Sturdik, Igor"]
[Black "Chabada, Tomas"]
[Result "1-0"]
[WhiteElo "2017"]
[BlackElo "1972"]
[PlyCount "37"]
[EventDate "2013.??.??"]

1. e4 e5 2. Nf3 Nc6 3. Bc4 Nf6 4. d4 exd4 5. O-O Be7 6. Nxd4 O-O 7. Nc3 d6 8.
h3 Bd7 9. Bf4 Re8 10. Re1 Bf8 11. Nxc6 Bxc6 12. e5 dxe5 13. Bxe5 Bd6 14. Bxd6
Rxe1+ 15. Qxe1 Qxd6 16. Rd1 Qf4 17. Bb5 Re8 18. Qd2 Re1+ 19. Qxe1 1-0

[Event "SR 3. liga A2 2013/2014"]
[Site "?"]
[Date "2014.03.02"]
[Round "10.6"]
[White "Kovarik, Oto"]
[Black "Lukacovic, Miroslav"]
[Result "0-1"]
[WhiteElo "1925"]
[BlackElo "2003"]
[PlyCount "80"]
[EventDate "2013.??.??"]

1. e4 e6 2. d4 d5 3. exd5 exd5 4. Nf3 Bg4 5. Be2 Nc6 6. O-O Nge7 7. Bg5 f6 8.
Bh4 Qd7 9. Nbd2 O-O-O 10. Bg3 Nf5 11. c3 h5 12. Nh4 Nxh4 13. f3 Nxg2 14. Kxg2
Bh3+ 15. Kh1 Bxf1 16. Bxf1 h4 17. Bf2 Bd6 18. Qc2 Ne7 19. c4 c6 20. a3 Qf5 21.
Bd3 Qf4 22. Bg1 Bc7 23. Rf1 g6 24. b4 Nf5 25. Bxf5+ gxf5 26. cxd5 Rxd5 27. Nc4
h3 28. Be3 Qh4 29. Bg1 Qg5 30. Ne3 Rxd4 31. Qxf5+ Qxf5 32. Nxf5 Rd2 33. f4 Re8
34. Be3 Rd3 35. Bc1 Re2 36. Ng3 Rg2 37. Ne4 Bb6 38. Nxf6 Rc3 39. f5 Rcc2 40.
Bf4 Rcf2 0-1

[Event "SR 3. liga A2 2013/2014"]
[Site "?"]
[Date "2014.03.02"]
[Round "10.6"]
[White "Bahna, Jan"]
[Black "Kahanek, Jaroslav"]
[Result "1-0"]
[WhiteElo "1951"]
[BlackElo "1861"]
[PlyCount "109"]
[EventDate "2013.??.??"]

1. e4 c5 2. Nc3 e5 3. g3 Nf6 4. Bg2 d6 5. d3 Be7 6. Nge2 a6 7. a4 Nc6 8. h3 O-O
9. O-O Bd7 10. Kh2 Nd4 11. f4 b5 12. axb5 axb5 13. Rxa8 Qxa8 14. g4 h6 15. Ng3
b4 16. Nd5 Qd8 17. Nxe7+ Qxe7 18. f5 Nh7 19. c3 Nc6 20. Bd2 Rb8 21. Qc1 f6 22.
h4 Na5 23. Be3 Bb5 24. Qb1 Qd8 25. cxb4 cxb4 26. Bd2 Be8 27. Be3 Bf7 28. Rc1
Qd7 29. Bf1 Nb3 30. Rd1 Qc6 31. d4 Rc8 32. d5 Qc2+ 33. Kh3 Qxb1 34. Rxb1 Nf8
35. Ba6 Ra8 36. Bb7 Ra2 37. Bc6 Nc5 38. Bxc5 dxc5 39. Rc1 Rxb2 40. Rxc5 b3 41.
Rb5 g6 42. Rb8 Kg7 43. Ba4 Ra2 44. Bxb3 Rb2 45. Rb7 Kg8 46. Rb5 Kg7 47. Ba4 Ra2
48. Rb4 Nh7 49. Bc6 h5 50. gxh5 g5 51. Rb7 Kf8 52. d6 Rd2 53. d7 gxh4 54. Rb8+
Ke7 55. Re8+ 1-0

[Event "SR 3. liga A2 2013/2014"]
[Site "?"]
[Date "2014.03.02"]
[Round "10.6"]
[White "Husek, Lubomir"]
[Black "Kolenak, Matus"]
[Result "0-1"]
[WhiteElo "1829"]
[BlackElo "1949"]
[PlyCount "126"]
[EventDate "2013.??.??"]

1. e4 c5 2. Nf3 Nc6 3. Nc3 e6 4. d4 cxd4 5. Nxd4 Nf6 6. Be2 Bb4 7. Qd3 d5 8.
Nxc6 bxc6 9. O-O O-O 10. Bg5 Qc7 11. exd5 Nxd5 12. Nxd5 cxd5 13. Rac1 Qe5 14.
Bh4 Qxb2 15. c3 Bd6 16. Rc2 Qa3 17. Rb1 Bd7 18. Rb3 Qa5 19. Rcb2 Rac8 20. Bg3
e5 21. Qe3 Ba4 22. Rb7 Rxc3 23. Qg5 Bc6 24. R7b3 Rxb3 25. Rxb3 Qxa2 26. Qe3 Ba4
27. Rb7 a6 28. h3 Bc6 29. Rb6 d4 30. Qc1 Qxe2 31. Qxc6 Be7 32. Rb7 Bf6 33. Qd5
h6 34. Kh2 h5 35. h4 d3 36. Rd7 e4 37. Bd6 Rc8 38. Qxf7+ Kh8 39. f3 Qe3 40. f4
Qe2 41. Qe6 Qg4 42. Qxg4 hxg4 43. Kg3 d2 44. Bb4 e3 45. Bxd2 exd2 46. Rxd2 a5
47. Kxg4 a4 48. Ra2 Ra8 49. Kf5 Ra5+ 50. Kg6 a3 51. g4 Bb2 52. h5 Ra6+ 53. Kf5
Kh7 54. g5 Kg8 55. Ke4 Kf7 56. Kf5 Rb6 57. Ke4 Rb5 58. Kd3 Ke6 59. Ke4 Rb4+ 60.
Kf3 Kf5 61. h6 gxh6 62. gxh6 Rxf4+ 63. Kg3 Rb4 0-1

[Event "SR 3. liga A2 2013/2014"]
[Site "?"]
[Date "2014.03.02"]
[Round "10.6"]
[White "Bukovsky, Milan"]
[Black "Holiencin, Filip"]
[Result "1-0"]
[WhiteElo "1930"]
[BlackElo "1828"]
[PlyCount "61"]
[EventDate "2013.??.??"]

1. d4 Nf6 2. c4 g6 3. Nc3 Bg7 4. e4 d6 5. Bg5 O-O 6. Be2 c5 7. d5 h6 8. Bf4 Qa5
9. Qd2 Kh7 10. Nf3 Nh5 11. Be3 e5 12. dxe6 fxe6 13. O-O Rd8 14. Rad1 Nc6 15. a3
a6 16. Qc2 e5 17. Nd5 Rd7 18. g4 Nf6 19. Nxf6+ Bxf6 20. g5 hxg5 21. Nxg5+ Bxg5
22. Bxg5 Nd4 23. Qd3 Rf7 24. f4 exf4 25. Rxf4 Rxf4 26. Bxf4 Qd8 27. Rf1 Be6 28.
Bd1 Qe7 29. b3 Rh8 30. Qg3 Rd8 31. Bg5 1-0

[Event "SR 3. liga A2 2013/2014"]
[Site "?"]
[Date "2014.03.02"]
[Round "10.6"]
[White "Hrubos, Milan"]
[Black "Mosny, Jaroslav"]
[Result "0-1"]
[WhiteElo "1772"]
[BlackElo "1916"]
[PlyCount "100"]
[EventDate "2013.??.??"]

1. e4 e5 2. f4 d5 3. exd5 e4 4. Nc3 Nf6 5. d3 Bb4 6. Qe2 O-O 7. dxe4 Nxe4 8.
Qd3 Re8 9. Be2 Bf5 10. Bd2 g6 11. Qc4 Bxc3 12. Bxc3 Nxc3 13. Qxc3 Qxd5 14. Nf3
Nc6 15. Kf2 Qe4 16. Rhe1 Qxf4 17. Bb5 Be4 18. Kg1 Bxf3 19. Rxe8+ Rxe8 20. Qxf3
Qd4+ 21. Qf2 Re4 22. Bxc6 bxc6 23. Qxd4 Rxd4 24. Kf1 Rd2 25. Rc1 Kg7 26. b4 Kf6
27. a4 Ke5 28. Re1+ Kd6 29. c4 Rd4 30. c5+ Kd5 31. Re7 Rxb4 32. Rxf7 Rxa4 33.
Rxh7 Kxc5 34. Rxc7 Ra2 35. Rg7 Kd4 36. Rxg6 c5 37. h4 c4 38. Rd6+ Ke3 39. Re6+
Kd4 40. Rd6+ Kc5 41. Rd8 c3 42. Rc8+ Kd4 43. Rd8+ Ke3 44. Re8+ Kf4 45. Re1 Rd2
46. g3+ Kf5 47. Rc1 c2 48. Ke1 Rh2 49. h5 Kg5 50. g4 Kh6 0-1

[Event "SR 3. liga A2 2013/2014"]
[Site "?"]
[Date "2014.03.23"]
[Round "11.1"]
[White "Horak, Ivan"]
[Black "Zarecky, Eduard"]
[Result "1-0"]
[WhiteElo "2070"]
[BlackElo "1903"]
[PlyCount "59"]
[EventDate "2013.??.??"]

1. e4 e5 2. Nf3 Nc6 3. Bc4 h6 4. O-O Bc5 5. c3 Qf6 6. d4 Bb6 7. dxe5 Nxe5 8.
Nxe5 Qxe5 9. Nd2 d6 10. Nf3 Qe7 11. e5 Be6 12. exd6 cxd6 13. Bb5+ Kd8 14. Re1
Qc7 15. a4 a6 16. Bf1 Ke7 17. Nd4 Bxd4 18. Qxd4 Nf6 19. Be3 Rhe8 20. c4 Rac8
21. b3 Qc5 22. Qb2 Qf5 23. Rad1 Red8 24. Bd3 Qe5 25. Bd4 Qg5 26. g3 Kf8 27. f4
Qg4 28. Bxf6 gxf6 29. Qxf6 Qg7 30. Rxe6 1-0

[Event "SR 3. liga A2 2013/2014"]
[Site "?"]
[Date "2014.03.23"]
[Round "11.1"]
[White "Bango, Lukas"]
[Black "Sefcik, Marek"]
[Result "1/2-1/2"]
[WhiteElo "1781"]
[BlackElo "2030"]
[PlyCount "68"]
[EventDate "2013.??.??"]

1. c4 Nc6 2. Nc3 e5 3. Nf3 g6 4. g3 Bg7 5. Bg2 d6 6. O-O Bg4 7. Qb3 Rb8 8. d3
Qd7 9. Qd1 Bh3 10. a3 Bxg2 11. Kxg2 f5 12. e3 Nf6 13. b4 e4 14. Nd4 Ne5 15.
dxe4 fxe4 16. Qc2 Nxc4 17. Nxe4 Nxe4 18. Qxe4+ Qe7 19. Qxe7+ Kxe7 20. Ra2 c6
21. Rc2 d5 22. Rd1 Bxd4 23. Rxd4 Nd6 24. Bb2 Rhe8 25. Rh4 h5 26. g4 hxg4 27.
Rxg4 Rg8 28. Be5 Rbe8 29. Bxd6+ Kxd6 30. Rd2 b6 31. e4 Re5 32. h4 Ke6 33. Rc2
Kd7 34. Rd2 Ke6 1/2-1/2

[Event "SR 3. liga A2 2013/2014"]
[Site "?"]
[Date "2014.03.23"]
[Round "11.1"]
[White "Chabada, Tomas"]
[Black "Slobodnik, Michal"]
[Result "1-0"]
[WhiteElo "1972"]
[BlackElo "1891"]
[PlyCount "87"]
[EventDate "2013.??.??"]

1. e4 Nf6 2. e5 Nd5 3. d4 d6 4. Nf3 dxe5 5. Nxe5 c6 6. Bd3 g6 7. O-O Nd7 8. Qe2
Bg7 9. f4 Qb6 10. c3 Nxe5 11. fxe5 Be6 12. Nd2 Rd8 13. Nf3 O-O 14. a3 c5 15. c4
Nc7 16. dxc5 Qxc5+ 17. Be3 Qc6 18. Rac1 Bg4 19. Bxa7 Ne6 20. Be4 Qa6 21. Bf2
Bxe5 22. Bxg6 Bxh2+ 23. Kxh2 hxg6 24. Qe4 Bxf3 25. Qxf3 Nd4 26. Qg4 e5 27. Bh4
f5 28. Qg5 Rd7 29. Rce1 Rh7 30. Rxe5 Qd6 31. Rfe1 Rh5 32. c5 Qf6 33. Qxh5 Qxe5+
34. Rxe5 gxh5 35. b4 Rf7 36. a4 Kg7 37. b5 f4 38. Bf2 Nf5 39. Re6 Nh6 40. Bd4+
Kh7 41. c6 bxc6 42. bxc6 Ng4+ 43. Kg1 Rf8 44. c7 1-0

[Event "SR 3. liga A2 2013/2014"]
[Site "?"]
[Date "2014.03.23"]
[Round "11.1"]
[White "Horecky, Peter"]
[Black "Kovarik, Oto"]
[Result "1-0"]
[WhiteElo "1697"]
[BlackElo "1925"]
[PlyCount "125"]
[EventDate "2013.??.??"]

1. d4 d5 2. c4 e6 3. Nc3 Nf6 4. Bg5 Be7 5. e3 O-O 6. Nf3 b6 7. cxd5 exd5 8. Bd3
Bb7 9. O-O Nbd7 10. Rc1 h6 11. Bf4 c5 12. dxc5 bxc5 13. Bf5 Nb6 14. Nb5 Ne8 15.
Re1 a6 16. Nc3 Bd6 17. Bxd6 Nxd6 18. Qc2 Qf6 19. Bh3 d4 20. exd4 cxd4 21. Na4
Nxa4 22. Qxa4 Bxf3 23. gxf3 Rfd8 24. Rc6 Qxf3 25. Bg2 Qg4 26. Rxa6 Rxa6 27.
Qxa6 Nf5 28. Qd3 g6 29. Kh1 Qf4 30. Bh3 Qxf2 31. Rf1 Qe3 32. Bxf5 gxf5 33. Qxf5
Qe6 34. Qxe6 fxe6 35. Kg2 Ra8 36. a3 Rb8 37. b4 Kg7 38. Rf3 e5 39. Kf2 Rc8 40.
Rb3 e4 41. Rb2 d3 42. Ke3 Ra8 43. b5 Rxa3 44. b6 Ra8 45. Kxe4 Kf6 46. b7 Rb8
47. Kxd3 Ke5 48. Kc4 Kd6 49. Kd4 Kc7 50. Ke5 Re8+ 51. Kf6 Kb8 52. Kf7 Rd8 53.
h4 Rd6 54. Kg7 Rc6 55. Rb5 Rd6 56. h5 Rc6 57. Rf5 Kxb7 58. Rf6 Rc1 59. Kxh6 Kc7
60. Kg7 Kd7 61. h6 Ke8 62. h7 Ke7 63. h8=Q 1-0

[Event "SR 3. liga A2 2013/2014"]
[Site "?"]
[Date "2014.03.23"]
[Round "11.1"]
[White "Husek, Lubomir"]
[Black "Rau, Vladimir"]
[Result "1/2-1/2"]
[WhiteElo "1829"]
[BlackElo "1637"]
[PlyCount "110"]
[EventDate "2013.??.??"]

1. e4 c6 2. d4 d5 3. Nc3 dxe4 4. Nxe4 Bf5 5. Ng3 Bg6 6. Nf3 h6 7. h4 e6 8. Bc4
Nd7 9. h5 Bh7 10. Qe2 Bd6 11. Ne4 Bxe4 12. Qxe4 Ngf6 13. Qe2 Nd5 14. c3 Qf6 15.
Bxd5 cxd5 16. Qb5 O-O-O 17. Be3 Nb6 18. b3 Bc7 19. a4 a6 20. Qe2 Kb8 21. a5 Nd7
22. b4 e5 23. b5 Rhe8 24. bxa6 Qxa6 25. Qxa6 bxa6 26. O-O Ka8 27. Rfc1 Rc8 28.
Ra4 e4 29. Nh4 Bd6 30. Nf5 Bf8 31. c4 dxc4 32. Raxc4 Rxc4 33. Rxc4 Kb7 34. Bf4
Rc8 35. Rxc8 Kxc8 36. Bd6 Bxd6 37. Nxd6+ Kc7 38. Nxe4 Kc6 39. Nc3 Nf6 40. f3
Nd5 41. Ne4 Kb5 42. Nd6+ Kxa5 43. Nxf7 Kb5 44. Nd6+ Kb4 45. Kf2 a5 46. Ke1 Kc3
47. Nb5+ Kb2 48. Nd6 Nb6 49. d5 a4 50. Nb5 Nxd5 51. Kd2 Ne7 52. Nd6 Nd5 53.
Nc4+ Kb1 54. g3 Nb4 55. Kc3 Nc6 1/2-1/2

[Event "SR 3. liga A2 2013/2014"]
[Site "?"]
[Date "2014.03.23"]
[Round "11.1"]
[White "Vagovic, Milan"]
[Black "Holiencin, Filip"]
[Result "0-1"]
[WhiteElo "1702"]
[BlackElo "1828"]
[PlyCount "78"]
[EventDate "2013.??.??"]

1. d4 Nf6 2. Bg5 d5 3. Nf3 Nbd7 4. Nbd2 e6 5. e3 Be7 6. Be2 O-O 7. O-O b6 8. c3
Bb7 9. h3 h6 10. Bh4 Nh7 11. Bg3 c5 12. Bb5 Nhf6 13. Re1 a6 14. Ba4 b5 15. Bc2
c4 16. a3 a5 17. Nh2 Ne4 18. Nxe4 dxe4 19. f3 Bh4 20. Bxh4 Qxh4 21. Rf1 f5 22.
f4 Nf6 23. Qe1 Qh5 24. Bd1 Qf7 25. Qh4 Nd5 26. Kf2 b4 27. Bh5 Qc7 28. Rfc1 bxc3
29. bxc3 Bc6 30. Nf1 Rfb8 31. Kg1 Rb2 32. Qe1 Rab8 33. g4 Nxf4 34. exf4 e3 35.
Nd2 Qxf4 36. Rcb1 Rxd2 37. Rxb8+ Qxb8 38. Qxe3 Qh2+ 39. Kf1 Qh1+ 0-1

[Event "SR 3. liga A2 2013/2014"]
[Site "?"]
[Date "2014.03.23"]
[Round "11.1"]
[White "Hrubos, Milan"]
[Black "Capanda, Jan"]
[Result "0-1"]
[WhiteElo "1772"]
[BlackElo "1466"]
[PlyCount "68"]
[EventDate "2013.??.??"]

1. e4 Nf6 2. e5 Nd5 3. d4 e6 4. f4 Be7 5. Nf3 f5 6. c4 Nb6 7. Nc3 d5 8. exd6
cxd6 9. Be3 N8d7 10. Be2 Nf6 11. O-O Bd7 12. c5 Ng4 13. Qd2 Nc8 14. cxd6 Nxd6
15. Ne5 Nxe3 16. Qxe3 O-O 17. Rfe1 Bf6 18. Rad1 Re8 19. b3 Rc8 20. Qd3 Nf7 21.
Bf3 Qc7 22. Nxd7 Qxd7 23. Ne2 Red8 24. d5 e5 25. fxe5 Nxe5 26. Qe3 Re8 27. Qf2
Rc2 28. Qg3 Rxa2 29. Nf4 g6 30. Ne6 Qd6 31. Be2 Rxe2 32. Rxe2 Rxe6 33. dxe6
Qxd1+ 34. Re1 Qd6 0-1

[Event "SR 3. liga A2 2013/2014"]
[Site "?"]
[Date "2014.03.23"]
[Round "11.1"]
[White "Rusnacik, Milan"]
[Black "Pivacek, Jozef"]
[Result "0-1"]
[WhiteElo "1319"]
[BlackElo "1000"]
[PlyCount "58"]
[EventDate "2013.??.??"]

1. d4 f5 2. c4 Nf6 3. Nf3 e6 4. g3 d5 5. Bg2 c6 6. Bg5 Be7 7. O-O O-O 8. Qc2
Nbd7 9. c5 h6 10. Bf4 Ne4 11. Ne5 Qe8 12. Rd1 g5 13. Nxd7 Bxd7 14. Be5 h5 15.
f3 Nf6 16. Qd2 Qg6 17. Kf2 Kf7 18. Rf1 Rh8 19. Nc3 Rag8 20. Rab1 f4 21. Rg1
fxg3+ 22. hxg3 g4 23. Qf4 h4 24. gxh4 Rxh4 25. Qg3 Nh5 26. Qxg4 Rxg4 27. fxg4
Qxg4 28. Bf3 Qh4+ 29. Bg3 Nxg3 0-1

[Event "SR 3. liga A2 2013/2014"]
[Site "?"]
[Date "2014.03.23"]
[Round "11.2"]
[White "Sebesta, Radovan"]
[Black "Doucha, Ludvik"]
[Result "1/2-1/2"]
[WhiteElo "2035"]
[BlackElo "2039"]
[PlyCount "30"]
[EventDate "2013.??.??"]

1. d4 Nf6 2. c4 c5 3. d5 e5 4. Nc3 d6 5. e4 g6 6. Bd3 Nbd7 7. Nf3 a6 8. a4 Bg7
9. O-O O-O 10. Bg5 h6 11. Bd2 Nh5 12. Qc1 Kh7 13. Ra3 f5 14. exf5 gxf5 15. Be2
e4 1/2-1/2

[Event "SR 3. liga A2 2013/2014"]
[Site "?"]
[Date "2014.03.23"]
[Round "11.2"]
[White "Sturdik, Igor"]
[Black "Gasa, Patrik"]
[Result "0-1"]
[WhiteElo "2017"]
[BlackElo "1956"]
[PlyCount "68"]
[EventDate "2013.??.??"]

1. e4 c5 2. Nf3 Nc6 3. d4 cxd4 4. Nxd4 e6 5. Nc3 a6 6. Nxc6 bxc6 7. e5 Qa5 8.
f4 Rb8 9. Be2 Bc5 10. Rb1 Ne7 11. Bd2 O-O 12. Ne4 Qb6 13. a3 Bxa3 14. Bd3 Nf5
15. Qh5 Be7 16. g4 d5 17. gxf5 dxe4 18. f6 Re8 19. Bxe4 g6 20. Qf3 Bf8 21. h4
Rd8 22. h5 Rb7 23. c3 Rbd7 24. Be3 Qb3 25. Bxc6 Rc7 26. Rh2 Bb7 27. Bxb7 Rxb7
28. Qe2 a5 29. Qc2 Qc4 30. hxg6 fxg6 31. Rd2 Rdb8 32. Rh2 a4 33. Ra1 Rxb2 34.
Rxa4 Rxc2 0-1

[Event "SR 3. liga A2 2013/2014"]
[Site "?"]
[Date "2014.03.23"]
[Round "11.2"]
[White "Lanik, Miroslav"]
[Black "Lukacovic, Miroslav"]
[Result "1/2-1/2"]
[WhiteElo "1925"]
[BlackElo "2003"]
[PlyCount "72"]
[EventDate "2013.??.??"]

1. e4 e6 2. d4 d5 3. e5 c5 4. c3 Nc6 5. Nf3 f6 6. Bd3 Qc7 7. exf6 Nxf6 8. Bg5
c4 9. Bc2 Bd6 10. Bh4 O-O 11. Bg3 e5 12. dxe5 Nxe5 13. Nxe5 Bxe5 14. Bxe5 Qxe5+
15. Qe2 Qg5 16. O-O Bg4 17. f3 Bd7 18. Na3 Rae8 19. Qf2 a6 20. Rae1 Bc6 21. Qd4
Nh5 22. Qg4 Qxg4 23. fxg4 Nf6 24. h3 b5 25. Nb1 Rxe1 26. Rxe1 Re8 27. Rxe8+
Bxe8 28. Nd2 h6 29. Kf2 Kf7 30. Ke3 Ke6 31. Kd4 Kd6 32. Nf3 a5 33. Nh4 Bd7 34.
Bf5 Bc6 35. Bc2 Bd7 36. Bf5 Bc6 1/2-1/2

[Event "SR 3. liga A2 2013/2014"]
[Site "?"]
[Date "2014.03.23"]
[Round "11.2"]
[White "Bahna, Jan"]
[Black "Palka, Martin"]
[Result "1/2-1/2"]
[WhiteElo "1951"]
[BlackElo "1881"]
[PlyCount "98"]
[EventDate "2013.??.??"]

1. e4 c5 2. Nc3 Nc6 3. g3 g6 4. Bg2 Bg7 5. d3 Rb8 6. a4 d6 7. Nge2 Bd7 8. O-O
Qc8 9. Bd2 Bh3 10. f4 Bxg2 11. Kxg2 h5 12. h3 a6 13. Qc1 b5 14. axb5 axb5 15.
Nd5 e6 16. Ne3 Qb7 17. Kh2 Nge7 18. c3 h4 19. g4 f5 20. gxf5 gxf5 21. Ng1 fxe4
22. dxe4 Rf8 23. Qe1 Bf6 24. Ng4 Ng6 25. Nxf6+ Rxf6 26. f5 exf5 27. exf5+ Nge5
28. Qxh4 Qf7 29. Qe4 Kf8 30. Bg5 d5 31. Qc2 Rd6 32. Rae1 Rd7 33. Bh6+ Kg8 34.
Rf4 Qf6 35. Qg2+ Kf7 36. Bg5 Qd6 37. Qg3 Rg8 38. h4 c4 39. Re2 Nd3 40. Rf1 Nce5
41. Kh3 d4 42. Nf3 Nxf3 43. Qxd6 Rxd6 44. Rxf3 Re8 45. Rxe8 Kxe8 46. cxd4 Rxd4
47. Bf6 Re4 48. Kg3 Kf7 49. Bh8 Re8 1/2-1/2

[Event "SR 3. liga A2 2013/2014"]
[Site "?"]
[Date "2014.03.23"]
[Round "11.2"]
[White "Palka, Miroslav"]
[Black "Krist, Milan"]
[Result "1/2-1/2"]
[WhiteElo "1924"]
[BlackElo "1946"]
[PlyCount "40"]
[EventDate "2013.??.??"]

1. c4 c5 2. Nc3 Nc6 3. g3 Nf6 4. Bg2 e5 5. e4 d6 6. Nge2 Be7 7. O-O O-O 8. f4
Bg4 9. d3 Nd4 10. h3 Nxe2+ 11. Nxe2 Bxe2 12. Qxe2 a6 13. g4 Nd7 14. Rb1 Nb8 15.
Be3 Nc6 16. a3 Rb8 17. b4 b6 18. b5 axb5 19. Rxb5 exf4 20. Rxf4 Bg5 1/2-1/2

[Event "SR 3. liga A2 2013/2014"]
[Site "?"]
[Date "2014.03.23"]
[Round "11.2"]
[White "Bukovsky, Milan"]
[Black "Havlicek, Peter"]
[Result "0-1"]
[WhiteElo "1930"]
[BlackElo "1851"]
[PlyCount "78"]
[EventDate "2013.??.??"]

1. d4 e6 2. c4 Nf6 3. Nc3 d5 4. cxd5 exd5 5. Bg5 Be7 6. e3 O-O 7. Bd3 h6 8. Bh4
c6 9. Qc2 Be6 10. Nf3 Nbd7 11. O-O Rc8 12. Rac1 Nh5 13. Bxe7 Qxe7 14. Qe2 Nhf6
15. Bb1 Bg4 16. Kh1 Ne4 17. Rg1 Ndf6 18. Qc2 Nxc3 19. bxc3 Bxf3 20. gxf3 g6 21.
Rg2 Kh8 22. Rcg1 Rg8 23. e4 Nh5 24. e5 Nf4 25. Rg4 Nh3 26. Qd2 Kh7 27. R1g3 Ng5
28. Rh4 Kg7 29. Rhg4 Rh8 30. h4 Ne6 31. f4 h5 32. f5 Kf8 33. Rxg6 Qxh4+ 34. Kg2
Nf4+ 35. Kg1 fxg6 36. fxg6 Kg7 37. Qe3 Rhf8 38. e6 Rce8 39. Qe5+ Qf6 0-1

[Event "SR 3. liga A2 2013/2014"]
[Site "?"]
[Date "2014.03.23"]
[Round "11.2"]
[White "Zisek, Jaroslav"]
[Black "Mosny, Jaroslav"]
[Result "0-1"]
[WhiteElo "1821"]
[BlackElo "1916"]
[PlyCount "52"]
[EventDate "2013.??.??"]

1. c4 Nf6 2. Nc3 c5 3. Nf3 Nc6 4. d4 cxd4 5. Nxd4 e6 6. Nc2 Be7 7. e3 O-O 8.
Be2 a6 9. O-O b6 10. Nd4 Bb7 11. b3 Qc7 12. Bb2 Rad8 13. Bf3 Nxd4 14. Bxb7 Nxb3
15. Qxb3 Qxb7 16. Na4 Qc6 17. Bd4 b5 18. cxb5 Qxb5 19. Qxb5 axb5 20. Nc3 b4 21.
Ne2 Rc8 22. Rfc1 d5 23. f3 Nd7 24. Rab1 Rc4 25. Kf1 Ra8 26. Rb2 e5 0-1

[Event "SR 3. liga A2 2013/2014"]
[Site "?"]
[Date "2014.03.23"]
[Round "11.2"]
[White "Hagara, Vladimir"]
[Black "Fidericky, Milan"]
[Result "1-0"]
[WhiteElo "1873"]
[BlackElo "1816"]
[PlyCount "119"]
[EventDate "2013.??.??"]

1. c4 g6 2. Nc3 Bg7 3. g3 c5 4. Bg2 Nc6 5. e3 e5 6. Nge2 Nge7 7. O-O O-O 8. b3
d6 9. Bb2 f5 10. Nd5 Nxd5 11. Bxd5+ Kh8 12. d3 Qc7 13. Qd2 Rb8 14. Rad1 b6 15.
Bg2 Bb7 16. f4 Rbd8 17. Nc3 Ne7 18. Nb5 Qb8 19. d4 Bxg2 20. Kxg2 a6 21. Na3
exd4 22. exd4 Rfe8 23. Rfe1 Qb7+ 24. d5 Ng8 25. Nb1 Nf6 26. Nc3 Ng4 27. h3 Nf6
28. Kf3 Qd7 29. a4 Kg8 30. Bc1 Kf7 31. Rxe8 Rxe8 32. Re1 Re7 33. Re3 Qe8 34.
Qe1 Nd7 35. Rxe7+ Qxe7 36. Qxe7+ Kxe7 37. Ne2 Ba1 38. Bd2 h6 39. g4 Kf6 40. Ng3
Bd4 41. Be1 a5 42. gxf5 gxf5 43. Ne2 Bb2 44. Bh4+ Kg6 45. Be7 Nf6 46. Ng3 Ne8
47. Bd8 Bc3 48. Bxb6 Nf6 49. Bd8 Ne8 50. h4 h5 51. Ne2 Bd2 52. Ng1 Bc3 53. Nh3
Nf6 54. Ng5 Ne8 55. Ne6 Bf6 56. Bxa5 Bxh4 57. Bb6 Be1 58. a5 Bxa5 59. Bxa5 h4
60. Bd8 1-0

[Event "SR 3. liga A2 2013/2014"]
[Site "?"]
[Date "2014.03.23"]
[Round "11.3"]
[White "Ivan, Imrich"]
[Black "Mihalik, Marek"]
[Result "1/2-1/2"]
[WhiteElo "2071"]
[BlackElo "2031"]
[PlyCount "44"]
[EventDate "2013.??.??"]

1. Nf3 Nf6 2. b3 e6 3. Bb2 Be7 4. e3 O-O 5. Be2 c5 6. O-O Nc6 7. d4 cxd4 8.
Nxd4 Nxd4 9. Qxd4 d6 10. Bf3 Qc7 11. c4 Bd7 12. Nc3 Rfd8 13. Rac1 Bc6 14. Nb5
Qb6 15. Qxb6 axb6 16. a4 Bxf3 17. gxf3 d5 18. Bd4 Bc5 19. Bxf6 gxf6 20. cxd5
Rxd5 21. f4 Rd3 22. Rc3 Rad8 1/2-1/2

[Event "SR 3. liga A2 2013/2014"]
[Site "?"]
[Date "2014.03.23"]
[Round "11.3"]
[White "Manak, Adrian"]
[Black "Vegh, Vince"]
[Result "1/2-1/2"]
[WhiteElo "1959"]
[BlackElo "1938"]
[PlyCount "34"]
[EventDate "2013.??.??"]

1. e4 c5 2. Nf3 Nc6 3. d4 cxd4 4. Nxd4 e5 5. Nb5 d6 6. N1c3 a6 7. Na3 b5 8. Nd5
Nf6 9. Bg5 Be7 10. Bxf6 Bxf6 11. c3 Bg5 12. Nc2 O-O 13. Bd3 Be6 14. Nce3 Ne7
15. O-O Nxd5 16. Nxd5 Bxd5 17. exd5 f5 1/2-1/2

[Event "SR 3. liga A2 2013/2014"]
[Site "?"]
[Date "2014.03.23"]
[Round "11.3"]
[White "Csefalvay, Stefan"]
[Black "Mihalik, Anton"]
[Result "0-1"]
[WhiteElo "1852"]
[BlackElo "1942"]
[PlyCount "100"]
[EventDate "2013.??.??"]

1. b3 Nf6 2. Bb2 e6 3. Nf3 d5 4. e3 c5 5. c4 Nc6 6. cxd5 exd5 7. Bb5 Bd7 8. O-O
Bd6 9. d4 cxd4 10. Bxc6 bxc6 11. exd4 O-O 12. Ne5 Be8 13. Nd2 Qc7 14. Ndf3 Ne4
15. Rc1 f6 16. Nd3 Bh5 17. h3 Ng5 18. Nde1 Rfe8 19. Qd3 Bf4 20. Ra1 Bg6 21. Qd1
Ne4 22. Nd3 Bh6 23. Nh4 Nd2 24. Re1 Bxd3 25. Bc1 Qf4 26. Bxd2 Qxd2 27. Qxd2
Bxd2 28. Red1 Bg5 29. Rxd3 Bxh4 30. Rc1 Rac8 31. Rdc3 Re2 32. g3 Bg5 33. f4 Bh6
34. a4 Re6 35. Rc5 Re3 36. R1c3 Rxc3 37. Rxc3 g5 38. b4 gxf4 39. g4 Kf7 40. Kf2
Ke6 41. Kf3 Kd7 42. h4 Re8 43. Rc5 Re3+ 44. Kf2 Bf8 45. Ra5 Bxb4 46. Rxa7+ Ke6
47. Rxh7 Bc3 48. h5 Bxd4 49. Rg7 Ra3+ 50. Kg2 f3+ 0-1

[Event "SR 3. liga A2 2013/2014"]
[Site "?"]
[Date "2014.03.23"]
[Round "11.3"]
[White "Gono, Michal"]
[Black "Vizvari, Ludovit"]
[Result "1-0"]
[WhiteElo "1941"]
[BlackElo "1996"]
[PlyCount "93"]
[EventDate "2013.??.??"]

1. d4 d5 2. Bf4 e6 3. e3 c5 4. c3 Nc6 5. Nf3 Bd6 6. Bg5 Nf6 7. Nbd2 cxd4 8.
exd4 h6 9. Bh4 O-O 10. Bd3 e5 11. dxe5 Nxe5 12. Be2 Re8 13. O-O g5 14. Bg3
Nxf3+ 15. Nxf3 Bxg3 16. hxg3 Qb6 17. b3 Ne4 18. Rc1 Nxg3 19. Re1 Bg4 20. Qd3
Re7 21. Nxg5 Ne4 22. Nxe4 Bxe2 23. Rxe2 dxe4 24. Rxe4 Rae8 25. Rxe7 Rxe7 26.
Rd1 Qe6 27. Qg3+ Kh7 28. Rd8 Qg6 29. Qxg6+ fxg6 30. Kf1 Kg7 31. Rd6 h5 32. c4
b6 33. Rd2 Kf6 34. Re2 Rd7 35. Ke1 g5 36. Rd2 Re7+ 37. Kd1 Kf5 38. Rd5+ Kg6 39.
Kd2 h4 40. f3 Kf6 41. b4 Rh7 42. a4 Rg7 43. Rd4 Re7 44. c5 bxc5 45. bxc5 Re5
46. Rc4 Ke7 47. Re4 1-0